Регионална библиотека "Любен Каравелов" - Русе

Публични политики и социални промени (Запис номер 524876)

MARC детайли
000 -Лидер
Лидер 01329nam a2200313 a 4500
003 - Код на организацията, давaща контролен номер
Код на организацията, даваща контролен номер BLK
005 - Дата и час на последна редакция
Дата и час на последна редакция 20250127102753.0
007 - Фиксирано поле за физическо описани
Физическо описание ta
008 - Елементи от данни с фиксирана дължина
Елементи с фиксирана дължина 221104b bu |||||r|||| 00| | bu d
020 ## - Международен стандартен номер на книга ISBN
ISBN 9786192452773
040 ## - Източник на каталожния запис
Код на библиотеката BLK
041 ## - Код за език
Език Български
Език за КДБФ Български
080 ## - УДК
9 (RLIN) 238727
УДК текст Социална роля и социално положение
УДК код 316.66
УДК – код + определител 316.66
080 ## - УДК
9 (RLIN) 401998
УДК текст Общи аспекти на социална и културна политика и практика
УДК код 304.4
УДК – код + определител 304.4
084 ## - Класификационен индекс по друга класификация
Авторски знак Пу - П 93
245 ## - Сведения за заглавието
Заглавие Публични политики и социални промени
Подзаглавни данни Трудният път към добро общество
Авторска отговорност науч. ред. Мария Желязкова, Венета Кръстева
260 ## - Област на издателските данни
9 (RLIN) 209388
Място на издаване София
Име на издателя Акад. изд. Проф. Марин Дринов
Година на издаване 2023
300 ## - Физическа характеристика
Брой страници 544 с.
Размер 21 см
380 ## - Жанр
Жанр Обществени науки
650 #0 - Допълнително описание по предмет – тема
Предметна рубрика България - социална политика
9 (RLIN) 254182
650 #0 - Допълнително описание по предмет – тема
9 (RLIN) 263098
Предметна рубрика Гражданско общество
700 ## - Други автори (авторска отговорност)
9 (RLIN) 402073
Друг автор Желязкова, Мария Димитрова
700 1# - Други автори (авторска отговорност)
9 (RLIN) 84837
Друг автор Кръстева, Венета Тенева
852 ## - Местоположение
Отдел Заемна - подръчен фонд
856 ## - Електронен адрес и достъп
Инструкция (цена за достъп) 0.00
Права за достъп disable
942 ## - АРТИКУЛИ
Вид на библиотечния документ Книги
Скрит в OPAC Не
944 ## - СЪЗДАВАНЕ И РЕДАКЦИЯ на ЗАПИСА
Дата на регистрацията/редакция Моника Янева
Служител, извършил регистрацията/редакцията 30560
Номер на служител Геновева Генчева
999 ## - СИСТЕМНИ КОНТРОЛНИ НОМЕРА
Koha biblionumber 524876
Koha biblioitemnumber 524876
999 ## - СИСТЕМНИ КОНТРОЛНИ НОМЕРА
Koha biblioitemnumber 524876
Наличности
Код за отписване Код за изгубен артикул Източник на класификационната схема Код за повреда Код за отдаване Артикулен № Име на библиотеката - собственик Име на библиотеката, в която се намира в момента Статус (Текущо местоположение) Дата на вписване в системата Местоположение - отдел Цена в лева Инвентарен номер Систематично азбучна сигнатура Баркод Цена в евро Служебен тип на артикула
  Не е изгубен Universal Decimal Classification Не е повреден заемане за дома 958122 Регионална библиотека "Любен Каравелов" Русе Регионална библиотека "Любен Каравелов" Русе Заемна - подръчен фонд 2025-01-13 Заемна - подръчен фонд 17.50 120000916781 316.6/П 93 120000916781 8.95 Книги
Vip Innovations Ltd, Rousse, Bulgaria 2025